[Event "Wroclaw Anderssen Memorial"]
[Site "Wroclaw"]
[Date "2022.07.30"]
[Round "4"]
[White "Wojciechowski, Szymon"]
[Black "Mencfel, Artur"]
[Result "1-0"]
[WhiteElo "1358"]
[BlackElo "1668"]
[PlyCount "73"]
[EventDate "2022.07.30"]
[EventType "swiss (rapid)"]
[EventRounds "9"]
[EventCountry "POL"]
[SourceTitle "CBM 209 Extra"]
[Source "ChessBase"]
[SourceDate "2022.09.30"]
[SourceVersion "1"]
[SourceVersionDate "2022.09.30"]
[SourceQuality "1"]

1. e4 c5 2. Nf3 e6 3. c3 Nf6 4. e5 Nd5 5. g3 d6 6. exd6 Bxd6 7. Bg2 0-0 8. 0-0 c4 9. d3 cxd3 10. Qxd3 Nd7 11. Nd4 Nc5 12. Qc2 a5 13. Nd2 a4 14. Nc4 Be7 15. Bd2 Rb8 16. f4 b5 17. Ne5 Qb6 18. Nec6 Rb7 19. Nxe7+ Rxe7 20. Kh1 b4 21. cxb4 Nxb4 22. Bxb4 Qxb4 23. Nc6 Qb7 24. Nxe7+ Qxe7 25. Rac1 Nd7 26. Rfd1 g5 27. Qxa4 gxf4 28. Qxf4 Nf6 29. Qg5+ Kh8 30. Rf1 Nd5 31. Qxe7 Nxe7 32. b4 Ba6 33. Rfd1 Nf5 34. Rd7 Kg7 35. a4 Ne3 36. b5 Bc8 37. Rdc7 1-0